000 00551nam a22001577a 4500
999 _c12031
_d12031
008 190115b ||||| |||| 00| 0 eng d
020 _a971-542-294-2
082 _22001
_aDFil 899.211
_bP53
245 _aMaharadia Lawana /
_cDamiana L. Eugenio (Compiler and Editor)
260 _aQuezon City:
_bUniversity of the Philippines Press,
_c2001
300 _aPages 444-453;
_c23 cm.
500 _aPhilippine Folk Literature: The Epics
650 _aEpic literature
_934125
650 _aPhilippine folk literature -- collections
_934126
942 _2ddc
_cDFIL